000 01117cam a2200325 a 4500
003 CHAP
005 20220329142505.0
008 010614d2000 mx r 000 spa d
010 _a84216
011 _a85188
035 _a95719
040 _cCHAP
100 0 0 _aRomán Méndez, Isidro.
_999752
245 0 0 _aDesarrollo de plantas de papayo en mezclas de substratos regionales en vivero
_c/por Isidro Román Méndez
260 _aCocula, Gro. :
_bEl autor,
_c2000.
300 _a54 h. :
_bilus. ; gráfs.
500 _aTesis (Ing. Agr. Fitotecnista) -- Colegio Superior Agropecuario del Estado de Guerrero
590 _aBATCH-UPD
_b10
_c20130110
_lUCH01
_h1509
590 _aBATCH-UPD
_b10
_c20130410
_lUCH01
_h0927
590 _aBATCH-UPD
_b10
_c20130914
_lUCH01
_h1859
590 _aCONVERSION
_b10
_c20130109
_lUCH01
_h1347
650 1 4 _aPapaya
_xCrecimiento.
_985330
650 1 4 _aPapaya
_xRendimiento.
_985356
650 1 4 _aSustratos.
_9110789
650 1 4 _aViveros frutales.
_9120102
901 _aBK
905 _aLilia Sánchez G.
942 _cTESIS
949 _aTesis
_bBC
_cTES
_d957191
_eTS1
_h38242
_i95719
_sb
999 _c84216
_d84216